000 00558nam a2200229 a 4500
001 nice12345678
003 IN_TiNIC
005 20260116011557.0
008 050524s1937 lona grp 000 0 ara
020 _a
_c100
082 0 0 _a297.5
_bKHA
100 _aKharraz, Abu Said
245 _aKitab Al-Sidq
_b the Book of Truthfulness
260 _aLondon
_bHumphery Milford
_c1937
300 _a67p
500 _aincludes index and biblioraphy
505 2 _aindex
650 _aIslam-Moral Theology
902 _bSRS
942 _cBK
999 _c2702
_d2702